000 00582aam a2200217 4500
005 20160901134113.0
008 150309b xxu||||| |||| 00| 0 spa d
041 _aspa
082 _a972.86 R696t
100 _aRodríguez Chaverri, Camilo
_912878
245 _aTemplos de Costa Rica: Puntarenas
260 _aCosta Rica
_bMaya
_c2008
300 _a117 páginas
650 _aCOSTA RICA
_917028
650 _aTEMPLOS
_912880
650 _aFOTOGRAFIAS
_91590
650 _aIGLESIAS CATOLICAS
_912881
650 _aARQUITECTURA
_96659
650 _aPUNTARENAS
_91062
942 _cBK
999 _c3792
_d3792